| 000 | 00546nam a22002057a 4500 | ||
|---|---|---|---|
| 003 | OSt | ||
| 005 | 20140310183056.0 | ||
| 008 | 130228t xxu||||| |||| 00| 0 eng d | ||
| 020 | _a9789715845403 | ||
| 050 |
_aPR 6056.L4 _b.F634 2007 |
||
| 100 | _aFlores, Magelende Magallona | ||
| 245 |
_aLET REVIEWER IN ENGLISH _cMagallona-Flores, Magelende / |
||
| 260 |
_aQuezon City _bC & E Publishing Inc. _c2007 |
||
| 300 |
_a99 p. : _c25 cm. _bill. ; |
||
| 521 | _aEDU | ||
| 562 | _e1 | ||
| 942 |
_2lcc _cBK _kLOC |
||
| 999 |
_c18686 _d18686 |
||